Adjectival forms of every country, on a map - Statistics

General Stats
  • This quiz has been taken 35 times
  • The average score is 139 of 196
Answers on the Map
Answers color-coded by a green-red scale on the quiz's map according to % correct below.
 
Answer Stats
Adjectival % Correct
American
96%
Canadian
96%
Mexican
96%
Argentinian, Argentine
93%
Brazilian
93%
French
93%
Australian
89%
Chinese
89%
Colombian
89%
Danish
89%
German
89%
Indian
89%
Irish
89%
Peruvian
89%
Russian
89%
Swedish
89%
Chilean
85%
Cuban
85%
Dutch
85%
Ecuadorian
85%
Finnish
85%
Italian
85%
Japanese
85%
Paraguayan
85%
Polish
85%
South African
85%
Spanish
85%
Venezuelan
85%
Austrian
81%
Belgian
81%
Bolivian
81%
British
81%
Costa Rican
81%
Czech
81%
Dominican
81%
Greek, Hellenic
81%
Indonesian
81%
Israeli
81%
New Zealand
81%
North Korean
81%
Norwegian
81%
Portuguese
81%
Romanian
81%
South Korean
81%
Swiss
81%
Turkish
81%
Ukrainian
81%
Uruguayan
81%
Albanian
78%
Algerian
78%
Bangladeshi
78%
Belarusian
78%
Bosnian, Herzegovinian
78%
Bulgarian
78%
Croatian
78%
Egyptian
78%
Estonian
78%
Guatemalan
78%
Guinean
78%
Haitian
78%
Icelandic
78%
Iranian, Persian
78%
Iraqi
78%
Jordanian
78%
Kazakh, Kazakhstani
78%
Latvian, Lettish
78%
Libyan
78%
Malaysian
78%
Maltese
78%
Moldovan
78%
Mongolian
78%
Moroccan
78%
Nicaraguan
78%
Omani
78%
Pakistani
78%
Qatari
78%
Saudi
78%
Serbian
78%
Slovak
78%
Slovene, Slovenian
78%
Somali
78%
Thai
78%
Uzbek, Uzbekistani
78%
Vietnamese
78%
Yemeni
78%
Zambian
78%
Afghan
74%
Armenian
74%
Cambodian
74%
Georgian
74%
Hungarian, Magyar
74%
Jamaican
74%
Kenyan
74%
Kyrgyz, Kirgiz, Kirghiz, Kyrgyzstani
74%
Lao, Laotian
74%
Lebanese
74%
Lithuanian
74%
Macedonian
74%
Mauritanian
74%
Nigerian
74%
Rwandan
74%
Senegalese
74%
South Sudanese
74%
Sudanese
74%
Syrian
74%
Tunisian
74%
Turkmen
74%
Ugandan
74%
Angolan
70%
Bahamian
70%
Beninese, Beninois
70%
Bhutanese
70%
Cameroonian
70%
Congolese
70%
Emirati, Emirian, Emiri
70%
Eritrean
70%
Ethiopian
70%
Filipino, Philippine
70%
Gabonese
70%
Gambian
70%
Guyanese
70%
Honduran
70%
Liberian
70%
Montenegrin
70%
Myanma, Burmese
70%
Namibian
70%
Nepali, Nepalese
70%
Papuan, Papua New Guinean
70%
Sri Lankan
70%
Surinamese
70%
Taiwanese, Formosan
70%
Tanzanian
70%
Andorran
67%
Azerbaijani, Azeri
67%
Bahraini
67%
Burundian
67%
Chadian
67%
Djiboutian
67%
Kuwaiti
67%
Luxembourgish
67%
Malawian
67%
Micronesian
67%
Samoan
67%
Singapore, Singaporean
67%
Zimbabwean
67%
Fijian
63%
Kiribati
63%
Maldivian
63%
Panamanian
63%
Swazi, Swati
63%
Tongan
63%
Vatican
63%
Ghanaian
59%
Malagasy, Madagascan
59%
Nauruan
59%
Togolese
59%
Tuvaluan
59%
Vanuatuan, Ni-Vanuatu
59%
Barbadian
56%
Bruneian
56%
Central African
56%
Comoran, Comorian
56%
Cypriot
56%
Mauritian
56%
Palauan
56%
Tajikistani
56%
Antiguan, Barbudan
52%
Botswana
52%
Cape Verdean
52%
Equatorial Guinean, Equatoguinean
52%
Grenadian
52%
Ivorian
52%
Saint Lucian
52%
São Toméan
52%
Belizean
48%
Nigerien
48%
Sierra Leonean
48%
Trinidadian, Tobagonian
48%
Marshallese
44%
Monégasque, Monacan
44%
Saint Vincentian, Vincentian
44%
Salvadoran
44%
Timorese
44%
Kosovar
41%
Seychellois
41%
Solomon Island, Solomon Islander
41%
Liechtensteiner
37%
Malinese
37%
Mozambican
37%
Kittitian, Nevisian
33%
Bissau-Guinean
30%
Burkinabé
30%
Sammarinese
30%
Basotho
26%
No matching quizzes found
Score Distribution
Percent of People with Each Score
Percentile by Number Answered
Your Score History
You have not taken this quiz